DreamWorks Movies by IMDb Description - Statistics

General Stats
  • This quiz has been taken 149 times
    122 since last reset
  • The average score is 16 of 20
Answer Stats
Year Description Movie % Correct
2001 A mean lord exiles fairytale creatures to the swamp of a grumpy ogre, who must go on a quest and rescue a princess for the lord in order to get his land back. Shrek
94%
2008 To everyone's surprise, including his own, Po, an overweight, clumsy panda, is chosen as protector of the Valley of Peace. His suitability will soon be tested as the valley's arch-enemy is on his way. Kung Fu Panda
93%
2007 Barry B. Benson, a bee just graduated from college, is disillusioned at his lone career choice: making honey. On a special trip outside the hive, Barry's life is saved by Vanessa, a florist in New York City. As their relationship blossoms, he discovers humans actually eat honey, and subsequently decides to sue them. Bee Movie
92%
2005 A group of animals who have spent all their life in a New York zoo end up in the jungles of Madagascar, and must adjust to living in the wild. Madagascar
92%
1998 A rather neurotic ant tries to break from his totalitarian society while trying to win the affection of the princess he loves. Antz
90%
2010 A hapless young Viking who aspires to hunt dragons becomes the unlikely friend of a young dragon himself, and learns there may be more to the creatures than he assumed. How to Train Your Dragon
90%
2011 An outlaw cat, his childhood egg-friend and a seductive thief kitty set out in search for the eggs of the fabled Golden Goose to clear his name, restore his lost honor and regain the trust of his mother and town. Puss in Boots
87%
2013 After their cave is destroyed, a caveman family must trek through an unfamiliar fantastical world with the help of an inventive boy. The Croods
87%
2000 When a cockerel apparently flies into a chicken farm, the chickens see him as an opportunity to escape their evil owners. Chicken Run
86%
2006 A scheming raccoon fools a mismatched family of forest creatures into helping him repay a debt of food, by invading the new suburban sprawl that popped up while they were hibernating...and learns a lesson about family himself. Over the Hedge
85%
2004 When a son of a gangster shark boss is accidentally killed while on the hunt, his would-be prey and his vegetarian brother decide to use the incident to their own advantage. Shark Tale
85%
2013 A freak accident might just help an everyday garden snail achieve his biggest dream: winning the Indy 500. Turbo
84%
2009 A woman transformed into a giant after she is struck by a meteorite on her wedding day becomes part of a team of monsters sent in by the U.S. government to defeat an alien mastermind trying to take over Earth. Monsters vs. Aliens
80%
2016 After the Bergens invade Troll Village, Poppy, the happiest Troll ever born, and the curmudgeonly Branch set off on a journey to rescue her friends. Trolls
80%
1998 Egyptian Prince Moses learns of his identity as a Hebrew and his destiny to become the chosen deliverer of his people. The Prince of Egypt
79%
2017 A suit-wearing, briefcase-carrying baby pairs up with his 7-year old brother to stop the dastardly plot of the CEO of Puppy Co. The Boss Baby
78%
2015 An alien on the run from his own people makes friends with a girl. He tries to help her on her quest, but can be an interference. Home
71%
2014 The time-travelling adventures of an advanced canine and his adopted son, as they endeavor to fix a time rift they created. Mr. Peabody & Sherman
61%
2019 Three teenagers must help a Yeti return to his family while avoiding a wealthy man and a zoologist who want him for their own needs. Abominable
55%
2022 To avoid prison, a gang of notorious animal criminals pretend to seek being rehabilitated, only for their leader to secretly find that he genuinely wants to change his ways. The Bad Guys
52%
No matching quizzes found
Score Distribution
Percent of People with Each Score
Percentile by Number Answered
Your Score History
You have not taken this quiz since the last reset